000 00627nam a2200205Ia 4500
005 20250508152910.0
008 008 250505s9999 xx 000 0 eng d
037 _aTextual
040 _aFEDL
_beng
_cFEDL
041 _aeng
_2eng
084 _a301, BEL
_qFEDL
100 _aBell Earl H.
_9348240
245 0 _aSocial foundations of human behavior: Introduction to the study of sociology
260 _aNew York, USA
_bHarper and Brothers Publishers
_c1961
300 _aviii,612p
490 _aHarper's social science series
650 _aSociology
942 _cTEXL
_h301, BEL
999 _c1339486
_d1339486